[Event "Madrid-ch Previa-A"]
[Site "Madrid"]
[Date "2020.02.17"]
[Round "7"]
[White "Cruz Gonzalez, Antonio"]
[Black "Lopez Orellana, Federico"]
[Result "1/2-1/2"]
[WhiteElo "1719"]
[BlackElo "1705"]
[PlyCount "50"]
[EventDate "2020.02.03"]
[EventType "swiss"]
[EventRounds "9"]
[EventCountry "ESP"]
[SourceTitle "EXT 2021"]
[Source "ChessBase"]
[SourceDate "2020.10.23"]
[SourceVersion "1"]
[SourceVersionDate "2020.10.23"]
[SourceQuality "1"]

1. d3 b6 2. e4 Bb7 3. g3 d5 4. Nd2 e5 5. Bg2 Nf6 6. Qe2 dxe4 7. Nxe4 Nxe4 8. Bxe4 Bxe4 9. Qxe4 Nd7 10. Nf3 Bd6 11. Bg5 f6 12. Bd2 0-0 13. Nh4 Nc5 14. Qd5+ Kh8 15. Nf5 Qd7 16. Nxd6 cxd6 17. h4 Rac8 18. h5 h6 19. Rh4 Ne6 20. Rc4 Nd4 21. 0-0-0 Rxc4 22. dxc4 Qa4 23. Qe4 Qxc4 24. Kb1 f5 25. Qd3 Qxd3 1/2-1/2

[Event "Madrid-ch Seniors 50"]
[Site "Madrid"]
[Date "2020.01.23"]
[Round "9"]
[White "Cruz Gonzalez, Antonio"]
[Black "Martinez Martinez, Javier II"]
[Result "1-0"]
[WhiteElo "1737"]
[BlackElo "1572"]
[PlyCount "59"]
[EventDate "2020.01.13"]
[EventType "swiss"]
[EventRounds "9"]
[EventCountry "ESP"]
[SourceTitle "CBM 194 Extra"]
[Source "ChessBase"]
[SourceDate "2020.03.31"]
[SourceVersion "1"]
[SourceVersionDate "2020.03.31"]
[SourceQuality "1"]

1. e4 e5 2. f4 Nc6 3. Nf3 d6 4. Bb5 Bd7 5. d4 a6 6. Bxc6 Bxc6 7. d5 Bd7 8. Nc3 exf4 9. Bxf4 Be7 10. 0-0 g5 11. Qd4 f6 12. Nxg5 h6 13. Ne6 Bxe6 14. dxe6 c5 15. Qd5 h5 16. Qxb7 Nh6 17. Nd5 Ng8 18. Nc7+ Kf8 19. Nxa8 Rh7 20. Nb6 Kg7 21. Nd5 Kh8 22. Qxa6 Rg7 23. Qe2 Qe8 24. Rf3 h4 25. Rh3 f5 26. exf5 Nf6 27. Rxh4+ Kg8 28. Nxe7+ Qxe7 29. Rd1 d5 30. Be5 1-0

[Event "Madrid-ch Seniors 50"]
[Site "Madrid"]
[Date "2020.01.20"]
[Round "6"]
[White "Cruz Gonzalez, Antonio"]
[Black "Prieto Gonzalez, Cesar"]
[Result "0-1"]
[WhiteElo "1737"]
[BlackElo "1480"]
[PlyCount "86"]
[EventDate "2020.01.13"]
[EventType "swiss"]
[EventRounds "9"]
[EventCountry "ESP"]
[SourceTitle "CBM 194 Extra"]
[Source "ChessBase"]
[SourceDate "2020.03.31"]
[SourceVersion "1"]
[SourceVersionDate "2020.03.31"]
[SourceQuality "1"]

1. e4 d6 2. d4 Nf6 3. f3 Nbd7 4. c4 e5 5. Be3 c6 6. Nc3 b6 7. Nge2 Qc7 8. Nc1 Be7 9. Be2 Bb7 10. Nd3 a6 11. Rc1 Rd8 12. 0-0 exd4 13. Bxd4 c5 14. Nd5 Nxd5 15. cxd5 Bf6 16. Bxf6 Nxf6 17. Qd2 0-0 18. Nf2 Rfe8 19. g4 Qe7 20. g5 Nxd5 21. Bc4 Nc7 22. Rfe1 b5 23. Bd3 Ne6 24. h4 Nd4 25. Kg2 Bc8 26. f4 f6 27. f5 Bb7 28. gxf6 Qxf6 29. Kh3 Nf3 30. Qf4 Nxe1 31. Rxe1 Qxb2 32. Rg1 Qf6 33. Ng4 Qc3 34. f6 Qxd3+ 35. Ne3 Rd7 36. Qh6 g6 37. Rxg6+ Kh8 38. Rg7 Qxe4 39. Re7 Qf3+ 40. Kh2 Rdxe7 41. fxe7 Rg8 42. Qg5 Bc6 43. Qxg8+ Kxg8 0-1

[Event "Madrid-ch Previa-A"]
[Site "Madrid"]
[Date "2019.02.19"]
[Round "8"]
[White "Andrade Sandoval, Bianca"]
[Black "Cruz Gonzalez, Antonio"]
[Result "0-1"]
[WhiteElo "1981"]
[BlackElo "1790"]
[PlyCount "72"]
[EventDate "2019.02.04"]
[EventType "swiss"]
[EventRounds "9"]
[EventCountry "ESP"]
[SourceTitle "EXT 2021"]
[Source "ChessBase"]
[SourceDate "2020.10.23"]
[SourceVersion "1"]
[SourceVersionDate "2020.10.23"]
[SourceQuality "1"]

1. d4 Nf6 2. Bf4 d6 3. e3 g6 4. h3 Bg7 5. Nf3 0-0 6. Be2 Nbd7 7. c4 Qe8 8. Nc3 a6 9. 0-0 e5 10. Bh2 b6 11. b4 c5 12. bxc5 bxc5 13. d5 Nb6 14. Rb1 Nfd7 15. Qc2 Qe7 16. Ne4 h6 17. Rb3 f5 18. Nc3 Qd8 19. Rfb1 Rb8 20. Nd2 Rb7 21. Nf1 Qc7 22. Qb2 e4 23. Qc2 Ne5 24. Nd2 Nbd7 25. Rxb7 Bxb7 26. f3 exf3 27. Nxf3 Rb8 28. e4 Nxf3+ 29. Bxf3 Ne5 30. Be2 Bc8 31. Rxb8 Qxb8 32. Nd1 fxe4 33. Qxe4 Bf5 34. Qh4 Qe8 35. g4 Bd3 36. Bxd3 Nf3+ 0-1

[Event "Madrid-ch Previa-A"]
[Site "Madrid"]
[Date "2019.02.12"]
[Round "5"]
[White "Cruz Gonzalez, Antonio"]
[Black "Perez Agusti, Luis"]
[Result "1-0"]
[WhiteElo "1790"]
[BlackElo "1934"]
[PlyCount "99"]
[EventDate "2019.02.04"]
[EventType "swiss"]
[EventRounds "9"]
[EventCountry "ESP"]
[SourceTitle "EXT 2021"]
[Source "ChessBase"]
[SourceDate "2020.10.23"]
[SourceVersion "1"]
[SourceVersionDate "2020.10.23"]
[SourceQuality "1"]

1. e4 d5 2. exd5 Nf6 3. Bb5+ Bd7 4. Be2 Nxd5 5. d4 g6 6. Nf3 Bg7 7. 0-0 0-0 8. c4 Nb6 9. Nc3 Bg4 10. c5 Nd5 11. h3 Bf5 12. g4 Bc8 13. Re1 h6 14. Bc4 e6 15. Nxd5 exd5 16. Bf1 Be6 17. Bg2 Nd7 18. g5 h5 19. Nh4 Qc8 20. Nxg6 fxg6 21. Rxe6 Kh7 22. Qd3 Ne5 23. Rxe5 Bxe5 24. dxe5 c6 25. h4 Qg4 26. Qg3 Qd1+ 27. Bf1 Rf3 28. Qh2 Raf8 29. e6 Qe1 30. Qc7+ Kg8 31. Be3 Qb4 32. e7 Qg4+ 33. Bg2 Re8 34. Qd6 Kf7 35. Kf1 Rf5 36. Qh2 Rxe7 37. Re1 Rfe5 38. Bh3 Qc4+ 39. Kg1 Re4 40. Qd6 d4 41. Qf6+ Kg8 42. Qxg6+ Kf8 43. Qf6+ Qf7 44. Qh8+ Qg8 45. Qf6+ Qf7 46. Bf5 Qxf6 47. gxf6 R7e5 48. Bxe4 dxe3 49. Rxe3 Rxc5 50. Bg6 1-0

[Event "Madrid-ch Previa-A"]
[Site "Madrid"]
[Date "2019.02.05"]
[Round "2"]
[White "Esteban Amo, Jose M"]
[Black "Cruz Gonzalez, Antonio"]
[Result "1-0"]
[WhiteElo "1918"]
[BlackElo "1790"]
[PlyCount "71"]
[EventDate "2019.02.04"]
[EventType "swiss"]
[EventRounds "9"]
[EventCountry "ESP"]
[SourceTitle "EXT 2021"]
[Source "ChessBase"]
[SourceDate "2020.10.23"]
[SourceVersion "1"]
[SourceVersionDate "2020.10.23"]
[SourceQuality "1"]

1. d4 Nf6 2. Bf4 d6 3. e3 g6 4. Be2 Bg7 5. h3 Nbd7 6. Nf3 c5 7. c3 Ne4 8. Nbd2 Ndf6 9. 0-0 0-0 10. Bd3 d5 11. Ne5 Nxd2 12. Qxd2 c4 13. Bc2 Nh5 14. Bh2 f5 15. b3 b5 16. bxc4 bxc4 17. Rab1 Nf6 18. f3 Bd7 19. Rb2 a5 20. Rfb1 a4 21. Rb7 Qe8 22. Qd1 Bc6 23. R7b6 Bd7 24. R1b4 a3 25. Qb1 e6 26. Rb7 Bc6 27. Rc7 Ba4 28. Bxa4 Rxa4 29. Rbb7 Bh6 30. Kf2 Ra8 31. Nc6 Rc8 32. Ne7+ Kh8 33. Rxc8 Qxc8 34. Nxc8 Ne4+ 35. fxe4 fxe4+ 36. Ke2 1-0

[Event "Madrid-ch Previa-A"]
[Site "Madrid"]
[Date "2019.02.04"]
[Round "1"]
[White "Cruz Gonzalez, Antonio"]
[Black "Enriquez Pastor, Jorge"]
[Result "1-0"]
[WhiteElo "1790"]
[BlackElo "1492"]
[PlyCount "101"]
[EventDate "2019.02.04"]
[EventType "swiss"]
[EventRounds "9"]
[EventCountry "ESP"]
[SourceTitle "EXT 2021"]
[Source "ChessBase"]
[SourceDate "2020.10.23"]
[SourceVersion "1"]
[SourceVersionDate "2020.10.23"]
[SourceQuality "1"]

1. e4 e6 2. g4 d5 3. Bg2 c5 4. d3 Be7 5. exd5 exd5 6. h3 Be6 7. Ne2 Bg5 8. Nf4 Bxf4 9. Bxf4 Qf6 10. Qc1 Qd4 11. 0-0 Ne7 12. Be3 Qb4 13. a3 Qb6 14. b4 d4 15. bxc5 Qd8 16. Bf4 Bd5 17. Bd6 Bxg2 18. Re1 Nbc6 19. Kxg2 0-0 20. Nd2 Re8 21. Nc4 Nd5 22. Qd2 Qf6 23. Re4 Rxe4 24. dxe4 Nc3 25. Re1 Qe6 26. Qd3 Nb5 27. Bg3 Qe7 28. Nd6 Nc3 29. Qc4 Rf8 30. Qb3 Nd8 31. Qb4 Ne6 32. Nxb7 Rc8 33. Bd6 Qg5 34. f4 Qh4 35. Rf1 Nxe4 36. Qe1 Qxe1 37. Rxe1 Nc3 38. f5 Ng5 39. Be5 Re8 40. Nd6 Re7 41. c6 Nd5 42. Rb1 Nb6 43. Bxd4 Re2+ 44. Kg3 Rd2 45. Bxb6 Rxd6 46. Bc7 Ne4+ 47. Kf4 Kf8 48. Bxd6+ Nxd6 49. Rb8+ Ke7 50. Rb7+ Kd8 51. Rd7+ 1-0

[Event "Madrid-ch Seniors 65"]
[Site "Madrid"]
[Date "2019.01.29"]
[Round "7"]
[White "Abad Martin Camunas, Luis"]
[Black "Cruz Gonzalez, Antonio"]
[Result "1-0"]
[WhiteElo "1369"]
[BlackElo "1790"]
[PlyCount "63"]
[EventDate "2019.01.21"]
[EventType "swiss"]
[EventRounds "7"]
[EventCountry "ESP"]
[SourceTitle "CBM 188 Extra"]
[Source "ChessBase"]
[SourceDate "2019.02.26"]
[SourceVersion "1"]
[SourceVersionDate "2019.02.26"]
[SourceQuality "1"]

1. d4 Nf6 2. Bf4 d6 3. e3 g6 4. Nf3 Bg7 5. Be2 0-0 6. 0-0 c6 7. Nbd2 Nbd7 8. e4 Ng4 9. h3 e5 10. Bg3 Nh6 11. dxe5 dxe5 12. Nc4 Qc7 13. Nd6 b5 14. c4 a6 15. Rc1 Rd8 16. cxb5 c5 17. Qd5 Nb6 18. Qxc5 Qxd6 19. Rfd1 Qf8 20. Qxb6 Rxd1+ 21. Rxd1 Be6 22. Bxe5 Bxe5 23. Nxe5 axb5 24. a3 Rb8 25. Qd4 f5 26. exf5 Nxf5 27. Qb4 Qe8 28. Ng4 Kf7 29. Qc3 Qe7 30. Ne5+ Kf8 31. Nc6 Rc8 32. Qh8+ 1-0

[Event "Madrid-ch Seniors 65"]
[Site "Madrid"]
[Date "2019.01.25"]
[Round "5"]
[White "Rodriguez Bachiller, Luis"]
[Black "Cruz Gonzalez, Antonio"]
[Result "1/2-1/2"]
[WhiteElo "1613"]
[BlackElo "1790"]
[PlyCount "131"]
[EventDate "2019.01.21"]
[EventType "swiss"]
[EventRounds "7"]
[EventCountry "ESP"]
[SourceTitle "CBM 188 Extra"]
[Source "ChessBase"]
[SourceDate "2019.02.26"]
[SourceVersion "1"]
[SourceVersionDate "2019.02.26"]
[SourceQuality "1"]

1. e4 b6 2. d4 Bb7 3. Nc3 e6 4. Nf3 Bb4 5. Bd3 Nf6 6. Qe2 d5 7. e5 Ne4 8. Bd2 Nxd2 9. Qxd2 Nc6 10. a3 Be7 11. Ne2 Qd7 12. c3 0-0-0 13. Qc2 g6 14. Qa4 Nxe5 15. Qxd7+ Nxd7 16. 0-0 Bf6 17. Rae1 Rhe8 18. Nf4 e5 19. Nxe5 Nxe5 20. dxe5 Bxe5 21. Ne2 c5 22. f4 Bg7 23. f5 Re3 24. Nf4 Rde8 25. Rd1 d4 26. fxg6 fxg6 27. c4 R8e5 28. g3 Bh6 29. Nh3 Be4 30. Nf2 Bxd3 31. Nxd3 Rh5 32. Rfe1 Rxe1+ 33. Rxe1 Be3+ 34. Kg2 Rf5 35. Re2 g5 36. h3 Kd7 37. g4 Rf6 38. Ne5+ Kd6 39. Nf3 a6 40. a4 h6 41. h4 Rf4 42. hxg5 hxg5 43. Nh2 Re4 44. Kf3 Rf4+ 45. Kg3 Rf7 46. Nf3 Bf4+ 47. Kf2 Re7 48. Rxe7 Kxe7 49. Ke2 Kd6 50. Kd3 Kc6 51. b3 b5 52. Ne1 bxa4 53. bxa4 Kb6 54. Kc2 Ka5 55. Kb3 Bd2 56. Nd3 Kb6 57. Ne5 Kc7 58. Nd3 Kd6 59. Kc2 Bf4 60. Kb3 Kc6 61. Kc2 Bd6 62. Kb3 Kb6 63. Kc2 Ka5 64. Kb3 Kb6 65. Kc2 Bg3 66. Kb3 1/2-1/2

[Event "Madrid-ch Seniors 65 1718"]
[Site "Madrid"]
[Date "2018.01.30"]
[Round "7"]
[White "Ciuro Munoz, Ricardo"]
[Black "Cruz Gonzalez, Antonio"]
[Result "0-1"]
[WhiteElo "1986"]
[BlackElo "1766"]
[PlyCount "92"]
[EventDate "2018.01.22"]
[EventType "swiss"]
[EventRounds "7"]
[EventCountry "ESP"]
[SourceTitle "EXT 2020"]
[Source "ChessBase"]
[SourceDate "2019.10.17"]
[SourceVersion "1"]
[SourceVersionDate "2019.10.17"]
[SourceQuality "1"]

1. e4 e6 2. d3 d5 3. Nd2 Nf6 4. Ngf3 Nc6 5. g3 e5 6. exd5 Nxd5 7. Bg2 Bc5 8. 0-0 0-0 9. a3 a5 10. Ne4 Be7 11. Re1 h6 12. d4 f5 13. Nc5 e4 14. Nh4 Bxh4 15. gxh4 Qxh4 16. c4 Nf4 17. Bxf4 Qxf4 18. Nb3 b6 19. Nc1 Bb7 20. Ne2 Qg5 21. Qc1 f4 22. Nc3 Nxd4 23. Kh1 Nb3 24. Qd1 f3 25. Bxf3 exf3 26. Rg1 Qc5 27. Qxb3 Qxf2 28. Nd5 Qc5 29. Qe3 Rf7 30. Rad1 Raf8 31. Rg6 f2 32. Rf1 Bxd5+ 33. cxd5 Qxd5+ 34. Rg2 g5 35. Qe2 Qf5 36. Qc4 b5 37. Qb3 a4 38. Qa2 Qe4 39. b4 axb3 40. Qxb3 Kg7 41. Qxb5 Rf5 42. Qb2+ Kg6 43. Qc3 c6 44. Qg3 Qe2 45. Qd6+ R8f6 46. Qd1 Qxd1 0-1

[Event "Madrid-ch Seniors 65 1718"]
[Site "Madrid"]
[Date "2018.01.23"]
[Round "2"]
[White "Cruz Gonzalez, Antonio"]
[Black "Vinas Lopez, Carlos"]
[Result "0-1"]
[WhiteElo "1766"]
[BlackElo "1884"]
[PlyCount "106"]
[EventDate "2018.01.22"]
[EventType "swiss"]
[EventRounds "7"]
[EventCountry "ESP"]
[SourceTitle "EXT 2020"]
[Source "ChessBase"]
[SourceDate "2019.10.17"]
[SourceVersion "1"]
[SourceVersionDate "2019.10.17"]
[SourceQuality "1"]

1. e4 c5 2. Nf3 e6 3. d4 cxd4 4. Nxd4 Nf6 5. Nc3 Nc6 6. Ndb5 Bc5 7. Nd6+ Ke7 8. Nxc8+ Rxc8 9. Bd3 Ne5 10. h3 d5 11. 0-0 dxe4 12. Nxe4 Nxd3 13. Qxd3 Qxd3 14. cxd3 Bd4 15. Nd2 Rc2 16. Rb1 Rd8 17. Nb3 Bb6 18. d4 Bxd4 19. Nxd4 Rxd4 20. Be3 Ra4 21. Rfc1 Rxc1+ 22. Rxc1 Nd5 23. a3 Ra6 24. Bd4 f6 25. g3 e5 26. Bc5+ Ke6 27. Kf1 Rc6 28. Ke2 b6 29. Be3 Rxc1 30. Bxc1 e4 31. f3 f5 32. h4 h5 33. Bg5 Ke5 34. Bd2 Kd4 35. Bc1 Kc4 36. fxe4 fxe4 37. b4 Kb3 38. Kd2 b5 39. Kd1 e3 40. Ke2 Kc2 41. Bxe3 Nxe3 42. Kxe3 Kb3 43. Kf4 Kxa3 44. Kg5 Kxb4 45. Kg6 a5 46. Kxg7 a4 47. Kg6 a3 48. Kxh5 a2 49. g4 a1Q 50. g5 Qh8+ 51. Kg4 Kc5 52. g6 Qh6 53. h5 b4 0-1

[Event "Madrid-ch Seniors 50"]
[Site "Madrid"]
[Date "2018.01.18"]
[Round "9"]
[White "De la Orden Alcocer, Alejandro"]
[Black "Cruz Gonzalez, Antonio"]
[Result "1-0"]
[WhiteElo "2042"]
[BlackElo "1766"]
[PlyCount "55"]
[EventDate "2018.01.08"]
[EventType "swiss"]
[EventRounds "9"]
[EventCountry "ESP"]
[SourceTitle "CBM 182 Extra"]
[Source "ChessBase"]
[SourceDate "2018.02.23"]
[SourceVersion "1"]
[SourceVersionDate "2018.02.23"]
[SourceQuality "1"]

1. c4 Nf6 2. b3 g6 3. Bb2 Bg7 4. Nf3 c5 5. g3 Nc6 6. Bg2 Rb8 7. d4 cxd4 8. Nxd4 0-0 9. Nxc6 dxc6 10. 0-0 Bf5 11. Nd2 Qc8 12. Re1 Rd8 13. Qc1 Bh6 14. e3 Qe6 15. Qc3 Rd3 16. Qa5 Rbd8 17. Nf3 Qd7 18. Ne5 Qd6 19. Nxd3 Qxd3 20. Bf3 Rd7 21. Bxf6 exf6 22. Red1 Qc2 23. Rxd7 Bxe3 24. Rd8+ Kg7 25. fxe3 Bh3 26. Qd2 Qf5 27. Qf2 Qe5 28. Rad1 1-0

[Event "Madrid-ch Seniors 50"]
[Site "Madrid"]
[Date "2018.01.15"]
[Round "6"]
[White "Cruz Gonzalez, Antonio"]
[Black "Lopez Heras, Arturo"]
[Result "1/2-1/2"]
[WhiteElo "1766"]
[BlackElo "1859"]
[PlyCount "109"]
[EventDate "2018.01.08"]
[EventType "swiss"]
[EventRounds "9"]
[EventCountry "ESP"]
[SourceTitle "CBM 182 Extra"]
[Source "ChessBase"]
[SourceDate "2018.02.23"]
[SourceVersion "1"]
[SourceVersionDate "2018.02.23"]
[SourceQuality "1"]

1. e4 c5 2. Nf3 d6 3. d4 cxd4 4. Qxd4 Nc6 5. Bb5 Bd7 6. Bxc6 Bxc6 7. Nc3 e6 8. 0-0 Nf6 9. h3 Be7 10. b3 Qc7 11. Bb2 Nh5 12. Qe3 e5 13. Rac1 Nf4 14. Ne2 Nxe2+ 15. Qxe2 0-0 16. c4 f5 17. Nd2 Bg5 18. Rcd1 Rad8 19. f3 Qa5 20. a4 Bxd2 21. Qxd2 Qb6+ 22. Kh1 Qxb3 23. exf5 Rxf5 24. Qd3 Qxd3 25. Rxd3 e4 26. Re3 d5 27. cxd5 Rdxd5 28. Rxe4 Rd2 29. Re5 Rxe5 30. Bxe5 Ra2 31. Ra1 Rxa1+ 32. Bxa1 Bxa4 33. Kg1 Bb5 34. Kf2 a5 35. g3 Kf7 36. Ke3 g6 37. f4 Bd7 38. g4 h5 39. gxh5 gxh5 40. h4 Ke6 41. Kd4 a4 42. Kc5 Kf5 43. Kb4 Kxf4 44. Bf6 Kf5 45. Bg5 Ke5 46. Be7 Kd4 47. Bf6+ Kd3 48. Bg5 Kc2 49. Bf6 Kb1 50. Ka3 b5 51. Be7 Kc2 52. Bf6 Kd3 53. Kb4 Ke4 54. Bg5 Ke5 55. Be7 1/2-1/2

[Event "Madrid-ch Seniors 50"]
[Site "Madrid"]
[Date "2018.01.12"]
[Round "5"]
[White "Ramos Antona, Enrique"]
[Black "Cruz Gonzalez, Antonio"]
[Result "0-1"]
[WhiteElo "1608"]
[BlackElo "1766"]
[PlyCount "104"]
[EventDate "2018.01.08"]
[EventType "swiss"]
[EventRounds "9"]
[EventCountry "ESP"]
[SourceTitle "CBM 182 Extra"]
[Source "ChessBase"]
[SourceDate "2018.02.23"]
[SourceVersion "1"]
[SourceVersionDate "2018.02.23"]
[SourceQuality "1"]

1. d4 Nf6 2. c4 g6 3. Nc3 Bg7 4. e4 d6 5. Be2 0-0 6. Bg5 h6 7. Be3 Nbd7 8. Nf3 Ng4 9. Bf4 e5 10. Bg3 f5 11. h3 f4 12. Bh4 Ngf6 13. Bxf6 Bxf6 14. Nd5 Bg7 15. Qd3 c6 16. Nc3 Qe7 17. 0-0-0 Kh7 18. g3 fxg3 19. fxg3 exd4 20. Nxd4 Nc5 21. Qc2 Qg5+ 22. Kb1 Qxg3 23. Rhg1 Qe5 24. Nf3 Qe7 25. h4 Bxc3 26. bxc3 Qxe4 27. Rxd6 Qxc2+ 28. Kxc2 Bf5+ 29. Kb2 Rae8 30. Nd4 Ne4 31. Nxf5 Nxd6 32. Nxd6 Rxe2+ 33. Kb3 Re6 34. Rd1 Rd8 35. c5 b6 36. Kc4 Re4+ 37. Rd4 Rxd4+ 38. cxd4 Kg7 39. a4 Kf6 40. d5 cxd5+ 41. Kxd5 bxc5 42. Kxc5 Rxd6 43. Kxd6 g5 44. hxg5+ hxg5 45. Kc6 g4 46. Kb7 g3 47. Kxa7 g2 48. a5 g1Q+ 49. Kb7 Qb1+ 50. Ka7 Ke7 51. a6 Kd7 52. Ka8 Kc7 0-1

[Event "Madrid-ch Seniors 50"]
[Site "Madrid"]
[Date "2018.01.11"]
[Round "4"]
[White "Cruz Gonzalez, Antonio"]
[Black "Lorenzo Bailador, Alfredo"]
[Result "0-1"]
[WhiteElo "1766"]
[BlackElo "2011"]
[PlyCount "34"]
[EventDate "2018.01.08"]
[EventType "swiss"]
[EventRounds "9"]
[EventCountry "ESP"]
[SourceTitle "CBM 182 Extra"]
[Source "ChessBase"]
[SourceDate "2018.02.23"]
[SourceVersion "1"]
[SourceVersionDate "2018.02.23"]
[SourceQuality "1"]

1. e4 e5 2. Nf3 Nc6 3. Bb5 a6 4. Ba4 Nf6 5. d3 Bc5 6. c3 d6 7. h3 0-0 8. 0-0 Ne7 9. Re1 Ng6 10. d4 Bd7 11. Nbd2 Qe7 12. Bc2 Nh5 13. Nxe5 dxe5 14. Qxh5 exd4 15. cxd4 Bxd4 16. Nf3 Qc5 17. Nxd4 Qxh5 0-1

[Event "Madrid-ch Seniors 50"]
[Site "Madrid"]
[Date "2018.01.10"]
[Round "3"]
[White "Beekhof Harmsen, Willen"]
[Black "Cruz Gonzalez, Antonio"]
[Result "0-1"]
[WhiteElo "1543"]
[BlackElo "1766"]
[PlyCount "92"]
[EventDate "2018.01.08"]
[EventType "swiss"]
[EventRounds "9"]
[EventCountry "ESP"]
[SourceTitle "CBM 182 Extra"]
[Source "ChessBase"]
[SourceDate "2018.02.23"]
[SourceVersion "1"]
[SourceVersionDate "2018.02.23"]
[SourceQuality "1"]

1. d4 Nf6 2. Nf3 g6 3. Bf4 d6 4. h3 Bg7 5. e3 0-0 6. Bd3 c5 7. c3 Nbd7 8. 0-0 Nh5 9. Bh2 f5 10. g4 fxg4 11. hxg4 Nhf6 12. Ng5 Nb6 13. Qb3+ c4 14. Bxc4+ Nxc4 15. Qxc4+ d5 16. Qb3 Nxg4 17. Bg3 e6 18. Nh3 Qf6 19. Nd2 b6 20. Rae1 Ba6 21. Qd1 Bxf1 22. Rxf1 h5 23. Qe2 Rac8 24. f3 Nh6 25. e4 Rce8 26. Qe3 Nf7 27. f4 Bh6 28. Qf2 g5 29. e5 Qf5 30. Qg2 gxf4 31. Bh4+ Qg4 32. Qxg4+ hxg4 33. Nxf4 Ng5 34. Nh5 Rxf1+ 35. Nxf1 Rf8 36. Nf6+ Rxf6 37. Kg2 Rg6 38. Nh2 Ne4 39. Be7 Bc1 40. c4 Bxb2 41. cxd5 exd5 42. Nxg4 Rxg4+ 43. Kf3 Rg3+ 44. Kf4 Kf7 45. Bh4 Rd3 46. Kf5 Bxd4 0-1

[Event "Madrid-ch Previa-A"]
[Site "Madrid"]
[Date "2017.02.22"]
[Round "9"]
[White "Cruz Gonzalez, Antonio"]
[Black "Rodriguez Bachiller, Luis"]
[Result "1/2-1/2"]
[WhiteElo "1817"]
[BlackElo "1656"]
[PlyCount "104"]
[EventDate "2017.02.06"]
[EventType "swiss"]
[EventRounds "9"]
[EventCountry "ESP"]
[SourceTitle "CBM 177 Extra"]
[Source "ChessBase"]
[SourceDate "2017.04.27"]
[SourceVersion "1"]
[SourceVersionDate "2017.04.27"]
[SourceQuality "1"]

1. e4 c5 2. Nf3 g6 3. g3 Bg7 4. Bg2 Nc6 5. c3 Qa5 6. 0-0 d6 7. d3 Nf6 8. Re1 0-0 9. Nbd2 Qc7 10. Nf1 Bd7 11. Bg5 Rfe8 12. Qd2 e5 13. h3 Rad8 14. Ne3 Ne7 15. g4 Be6 16. c4 Kh8 17. Nd5 Nfxd5 18. cxd5 Bc8 19. Nh4 Rd7 20. Bh6 Ng8 21. Bxg7+ Kxg7 22. f4 exf4 23. Qxf4 Qd8 24. g5 f6 25. Nf3 Rf7 26. gxf6+ Qxf6 27. Qd2 Bxh3 28. Ng5 Qd4+ 29. Re3 Bxg2 30. Kxg2 Rf6 31. Ne6+ Rfxe6 32. dxe6 Rxe6 33. Rf1 Rf6 34. Rh1 c4 35. Reh3 h5 36. Rc1 cxd3 37. Rc7+ Rf7 38. Rxf7+ Kxf7 39. Rxd3 Qxe4+ 40. Rf3+ Nf6 41. Qxd6 Qe6 42. Qc7+ Qe7 43. Qc4+ Qe6 44. Qd4 b6 45. Qc3 Qd6 46. Rd3 Qe7 47. Re3 Qb7+ 48. Kg1 Qd7 49. Qc4+ Kg7 50. Qc3 Qd1+ 51. Kf2 Qd6 52. Rf3 Qe7 1/2-1/2

[Event "Madrid-ch Previa-A"]
[Site "Madrid"]
[Date "2017.02.14"]
[Round "5"]
[White "Cruz Gonzalez, Antonio"]
[Black "Rottenwoerer, Christoph"]
[Result "0-1"]
[WhiteElo "1817"]
[BlackElo "1665"]
[PlyCount "126"]
[EventDate "2017.02.06"]
[EventType "swiss"]
[EventRounds "9"]
[EventCountry "ESP"]
[SourceTitle "CBM 177 Extra"]
[Source "ChessBase"]
[SourceDate "2017.04.27"]
[SourceVersion "1"]
[SourceVersionDate "2017.04.27"]
[SourceQuality "1"]

1. e4 c5 2. Nf3 g6 3. d4 cxd4 4. Nxd4 Bg7 5. Nc3 Nc6 6. Be3 Nf6 7. Bc4 Qa5 8. 0-0 d6 9. h3 0-0 10. Bb3 Bd7 11. f3 Nxd4 12. Bxd4 Qc7 13. Nd5 Nxd5 14. exd5 a5 15. Bxg7 Kxg7 16. Qd4+ Kg8 17. c3 a4 18. Bc2 b6 19. Rad1 Qc5 20. Rfe1 Rfe8 21. Kh1 Qxd4 22. Rxd4 Kf8 23. Ree4 b5 24. Rh4 Kg7 25. Kg1 Rac8 26. Kf2 Rc5 27. a3 Rec8 28. Bd3 Re8 29. Rhe4 Bf5 30. Re3 Bxd3 31. Rexd3 Rb8 32. Rb4 Rb7 33. Rdd4 Rbc7 34. Ke3 Kf6 35. f4 e6 36. dxe6 Kxe6 37. g4 f5 38. g5 d5 39. Rd2 Kd6 40. Kf3 Re7 41. Re2 Re4 42. Rexe4 dxe4+ 43. Ke3 Rd5 44. c4 Rd3+ 45. Ke2 bxc4 46. Rxc4 Rb3 47. Rxa4 Rxb2+ 48. Ke1 Kc6 49. Ra7 Rb7 50. Ra8 Kb6 51. Ra4 Ra7 52. Rb4+ Kc5 53. Rb3 Kc4 54. Re3 Rd7 55. Ke2 Rb7 56. Kd2 Rb3 57. Re1 Rxa3 58. Rc1+ Kd4 59. h4 Rh3 60. Rc8 Rxh4 61. Rd8+ Kc5 62. Rd7 Rxf4 63. Rxh7 Rg4 0-1

[Event "Madrid-ch Seniors 65"]
[Site "Madrid"]
[Date "2017.01.25"]
[Round "4"]
[White "Cruz Gonzalez, Antonio"]
[Black "Corredor Gonzalez, Angel L"]
[Result "0-1"]
[WhiteElo "1817"]
[BlackElo "1708"]
[PlyCount "46"]
[EventDate "2017.01.20"]
[EventType "swiss"]
[EventRounds "7"]
[EventCountry "ESP"]
[SourceTitle "CBM 176 Extra"]
[Source "ChessBase"]
[SourceDate "2017.03.02"]
[SourceVersion "1"]
[SourceVersionDate "2017.03.02"]
[SourceQuality "1"]

1. e4 d5 2. exd5 Nf6 3. Nc3 Nxd5 4. Nxd5 Qxd5 5. c4 Qa5 6. Nf3 Bg4 7. Be2 Nc6 8. 0-0 0-0-0 9. b3 e6 10. Nd4 Bxe2 11. Nxe2 Bd6 12. Bb2 Bxh2+ 13. Kxh2 Rxd2 14. Qc1 Rxe2 15. Kg1 f6 16. Bc3 Qf5 17. Qd1 Rc2 18. Qe1 Rd8 19. f3 Rd3 20. g4 Qc5+ 21. Kh1 Qd6 22. Rf2 Rdxc3 23. Rd1 Qe5 0-1

[Event "Madrid-ch sf-B"]
[Site "Madrid"]
[Date "2016.03.11"]
[Round "4"]
[White "Rojas Pozo, Jose Luis"]
[Black "Cruz Gonzalez, Antonio"]
[Result "1/2-1/2"]
[WhiteElo "2017"]
[BlackElo "1709"]
[PlyCount "66"]
[EventDate "2016.03.03"]
[EventType "swiss"]
[EventRounds "9"]
[EventCountry "ESP"]
[SourceTitle "EXT 2017"]
[Source "ChessBase"]
[SourceDate "2016.10.25"]
[SourceVersion "1"]
[SourceVersionDate "2016.10.25"]
[SourceQuality "1"]

1. d4 Nf6 2. Nf3 g6 3. Bf4 d6 4. c4 Bg7 5. Nc3 0-0 6. e4 Nh5 7. Be3 Nd7 8. Be2 Nhf6 9. Qd2 Ng4 10. Bg5 f6 11. Bh4 e5 12. h3 Nh6 13. d5 Nf7 14. g4 Bh6 15. Qc2 Bf4 16. Bg3 Ng5 17. h4 Nxf3+ 18. Bxf3 g5 19. Ne2 a5 20. b3 Qe7 21. Nc1 b6 22. Nd3 Bb7 23. Be2 c6 24. Bxf4 exf4 25. f3 Rac8 26. Qd2 cxd5 27. cxd5 Ba6 28. Nb2 Bxe2 29. Kxe2 Rc7 30. hxg5 fxg5 31. Rac1 Rfc8 32. Rxc7 Rxc7 33. Rc1 Ne5 1/2-1/2